| 000 | 00702nam a22002057a 4500 | ||
|---|---|---|---|
| 999 |
_c5912 _d5912 |
||
| 003 | AR-CdUCM | ||
| 008 | 190313b ||||| |||| 00| 0 esp d | ||
| 040 |
_aMUNICIPALIDAD PROVINCIAL DEL CUSCO _cBIBLIOTECA MUNICIPAL DEL CUSCO |
||
| 082 |
_a869.252 / _bL96 |
||
| 100 |
_aLugones, Leopoldo _917408 |
||
| 245 |
_aAntologia Poetica / _cLeopoldo Lugones. |
||
| 260 |
_aBuenos Aires : _bEspasa Calpe, _c1949. |
||
| 300 |
_a339 paginas ; _c18 cm. |
||
| 505 | _aLas montañas de oro -- Lunario Sentimental -- Romancero -- Poemas Solariegos -- El Solterón ... | ||
| 650 |
_aPoesías argentinas _911979 |
||
| 650 |
_aSiglo XX _98 |
||
| 700 |
_aObligado, Carlos _917409 |
||
| 942 |
_2ddc _cLIBROS |
||
| 945 | _aacrt | ||